00288 a2200109 450000100060000008200150000610000260002124500780004725000060012526000320013130000150016386288 a519.57 MON amontgomery, C Douglas aDesign and analysis of experiments, 8th edbinternational student version a8 aNYbJohn Wilet & Sonsc2013 axvii, 730p